[Event "Open Est 2013-2014"]
[Site "Salle Lakanal Aubagne"]
[Date "2013.11.30"]
[Round "3.7"]
[White "Fournier, Alain"]
[Black "Strate, Francois"]
[Result "1-0"]
[WhiteElo "1650"]
[BlackElo "1374"]
[PlyCount "87"]
[EventDate "2013.??.??"]

1. e4 e6 2. f3 d5 3. Nh3 c5 4. c3 Nc6 5. Na3 Nf6 6. d3 Be7 7. Nf2 O-O 8. Nc2 h6
9. g4 Nd7 10. Bf4 Bg5 11. Bxg5 Qxg5 12. h4 Qf6 13. Be2 Nde5 14. Nh3 Qxh4+ 15.
Nf2 Qe7 16. Qd2 b5 17. d4 cxd4 18. cxd4 Nc4 19. Bxc4 bxc4 20. e5 Rb8 21. O-O-O
Qb7 22. Ne3 Bd7 23. g5 Be8 24. gxh6 g6 25. Neg4 Nb4 26. Nf6+ Kh8 27. Qg5 Nd3+
28. Nxd3 cxd3 29. Rd2 Rc8+ 30. Kb1 Qe7 31. b3 Bb5 32. Rhh2 Rc3 33. Kb2 Rfc8 34.
f4 Rc2+ 35. Rxc2 Rxc2+ 36. Rxc2 dxc2 37. Kxc2 Qa3 38. Nxd5 Qxa2+ 39. Kc3 Qa1+
40. Kb4 Qxd4+ 41. Ka5 Qd2+ 42. Nb4 Kg8 43. Qf6 Kf8 44. h7 1-0

[Event "Open Est 2013-2014"]
[Site "Salle Lakanal Aubagne"]
[Date "2013.11.30"]
[Round "3.8"]
[White "Leadbetter, Peter"]
[Black "Ollier, Laurent"]
[Result "0-1"]
[WhiteElo "1530"]
[BlackElo "1650"]
[PlyCount "101"]
[EventDate "2013.??.??"]

1. d4 e6 2. c4 d5 3. Nc3 c5 4. cxd5 exd5 5. dxc5 Nf6 6. Nf3 Bxc5 7. e3 Nc6 8.
Bb5 O-O 9. O-O Bg4 10. h3 Bh5 11. Be2 Bg6 12. Nh4 Be4 13. f3 d4 14. Nxe4 Nxe4
15. fxe4 Qxh4 16. Rf4 Qg5 17. exd4 Bxd4+ 18. Kh1 Qe5 19. Rb1 Rad8 20. Qf1 Ne7
21. Bc4 Ng6 22. Bxf7+ Rxf7 23. Rxf7 Qxe4 24. Bg5 Re8 25. Bd2 Qd5 26. Rf3 Be5
27. Bc3 Nh4 28. Re3 Rf8 29. Qe2 Bxc3 30. bxc3 Nf5 31. Rd3 Qc4 32. Qc2 Kh8 33.
Rf3 g6 34. Qf2 Re8 35. Re1 Re4 36. Rxe4 Qxe4 37. Rf4 Qe5 38. g4 Ne3 39. Rf8+
Kg7 40. Qf7+ Kh6 41. Qf4+ Qxf4 42. Rxf4 Nd5 43. Rf3 Kg5 44. Rd3 Nf4 45. Re3 Kh4
46. Kh2 Nd5 47. Rf3 h5 48. Rd3 Nf4 49. Rd4 Ne6 50. Rb4 b6 51. gxh5+ 0-1

[Event "Open Est 2013-2014"]
[Site "Salle Lakanal Aubagne"]
[Date "2013.11.30"]
[Round "3.10"]
[White "Cavanihac, Claude"]
[Black "Raimbault, Samuel"]
[Result "1/2-1/2"]
[WhiteElo "1569"]
[BlackElo "1199"]
[PlyCount "90"]
[EventDate "2013.??.??"]

1. d4 d6 2. c4 g6 3. Nc3 Bg7 4. e4 Nc6 5. d5 Ne5 6. f4 Nd7 7. Nf3 c5 8. Bd3 a6
9. O-O Rb8 10. Qe2 Nb6 11. e5 Bg4 12. exd6 Qxd6 13. Ne4 Qc7 14. Be3 Bd4 15.
Bxd4 cxd4 16. h3 Bxf3 17. Rxf3 Rc8 18. b3 Nd7 19. f5 Ne5 20. Rff1 Nxd3 21. Qxd3
Qe5 22. fxg6 hxg6 23. Rae1 f5 24. Ng5 Qf6 25. Ne6 Rh4 26. Rf4 Rxf4 27. Nxf4 Rd8
28. Re6 Qh8 29. Nxg6 Qg7 30. Ne5 Rd6 31. Qxd4 Rxe6 32. dxe6 Nf6 33. Qc5 Kf8 34.
Qc8+ Ne8 35. Nd7+ Kg8 36. Qxe8+ Kh7 37. Qf7 Kh6 38. Qxf5 Qa1+ 39. Kh2 Qg7 40.
Qe4 Kg5 41. Qxb7 Kf5 42. Qd5+ Kf4 43. c5 Qg3+ 44. Kh1 Qe1+ 45. Kh2 Qg3+ 1/2-1/2

[Event "Open Est 2013-2014"]
[Site "Salle Lakanal Aubagne"]
[Date "2013.11.30"]
[Round "3.11"]
[White "Gamblin, Thibaut"]
[Black "Bauden, Thomas"]
[Result "1/2-1/2"]
[WhiteElo "1475"]
[BlackElo "1220"]
[PlyCount "113"]
[EventDate "2013.??.??"]

1. d4 f5 2. Nf3 Nf6 3. c4 e6 4. e3 b6 5. Be2 Bb7 6. O-O d5 7. Nc3 Bd6 8. cxd5
Nxd5 9. Nb5 O-O 10. Nxd6 cxd6 11. Qb3 Nd7 12. Bd2 N7f6 13. a4 a6 14. Ng5 Qe7
15. Bf3 Rfc8 16. Rfc1 h6 17. Nh3 g5 18. Rxc8+ Rxc8 19. Bxd5 Nxd5 20. Re1 Qc7
21. Kf1 Qc2 22. Qxc2 Rxc2 23. Bc1 Nb4 24. Rd1 Na2 25. Bd2 Be4 26. b4 Nc3 27.
Bxc3 Rxc3 28. f3 Bc6 29. b5 axb5 30. axb5 Bxb5+ 31. Kf2 Ba4 32. Rd2 Rc2 33. Ke2
Rxd2+ 34. Kxd2 b5 35. Nf2 Kf7 36. g4 b4 37. Nd3 Bc6 38. gxf5 exf5 39. Nxb4 Bxf3
40. Nd3 Ke6 41. Ke1 Kd5 42. Kf2 Ke4 43. Ne1 Bd1 44. Ng2 h5 45. h4 gxh4 46. Nxh4
f4 47. exf4 Kxf4 48. Ng2+ Ke4 49. d5 Bb3 50. Kg3 Bxd5 51. Nf4 h4+ 52. Kg4 Bc6
53. Ne2 Ke3 54. Nc1 d5 55. Kxh4 d4 56. Kg3 Kd2 57. Nb3+ 1/2-1/2

[Event "Open Est 2013-2014"]
[Site "Salle Lakanal Aubagne"]
[Date "2013.11.30"]
[Round "3.12"]
[White "Rasolo, Loick"]
[Black "Vialette, Eric"]
[Result "0-1"]
[WhiteElo "1350"]
[BlackElo "1684"]
[PlyCount "48"]
[EventDate "2013.??.??"]

1. e4 d5 2. exd5 Nf6 3. Nf3 Bg4 4. Be2 c6 5. dxc6 Nxc6 6. Bb5 Qc7 7. d4 O-O-O
8. Be2 e5 9. c3 Bxf3 10. Bxf3 exd4 11. Bg4+ Kb8 12. Nd2 dxc3 13. bxc3 Qe5+ 14.
Be2 Bc5 15. Bb2 Ne4 16. Rb1 Bxf2+ 17. Kf1 Be3 18. g3 Nxd2+ 19. Kg2 Nxb1 20.
Qxb1 Bc5 21. Bf3 Rd2+ 22. Kh3 Qe6+ 23. Kh4 Be7+ 24. Kh5 Qh3# 0-1

[Event "Open Est 2013-2014"]
[Site "Salle Lakanal Aubagne"]
[Date "2013.11.30"]
[Round "3.14"]
[White "San-Nicolas, Robert"]
[Black "Gamblin, Vincent"]
[Result "0-1"]
[WhiteElo "1570"]
[BlackElo "1362"]
[PlyCount "71"]
[EventDate "2013.??.??"]

1. d4 d5 2. Nf3 Bg4 3. Nbd2 Nf6 4. e3 e6 5. Bd3 Nbd7 6. O-O e5 7. h3 Bxf3 8.
gxf3 exd4 9. e4 dxe4 10. Nxe4 Be7 11. Bg5 O-O 12. f4 Nxe4 13. Bxe7 Qxe7 14. Re1
f5 15. f3 Qh4 16. fxe4 Qg3+ 17. Kh1 Rf6 18. Qh5 Rh6 19. Qxh6 Qf3+ 20. Kh2 gxh6
21. Rg1+ Kf8 22. Rg3 Qxf4 23. Rf1 Qd6 24. Rxf5+ Ke7 25. Kg2 Rf8 26. Rg7+ Ke8
27. Rd5 Rf2+ 28. Kxf2 Qf6+ 29. Rf5 Qxg7 30. Bc4 Ne5 31. Be2 d3 32. cxd3 Nxd3+
33. Ke3 Nxb2 34. Kf4 Ke7 35. Bh5 c5 36. Rxc5 0-1

[Event "Open Est 2013-2014"]
[Site "Salle Lakanal Aubagne"]
[Date "2013.11.30"]
[Round "3.15"]
[White "Pouliquen, Gilbert"]
[Black "Danthier, Christophe"]
[Result "1-0"]
[WhiteElo "1290"]
[BlackElo "1499"]
[PlyCount "39"]
[EventDate "2013.??.??"]

1. c4 Nf6 2. Nc3 d5 3. Nf3 d4 4. Nb5 a6 5. Nbxd4 Bg4 6. e3 e5 7. Qa4+ c6 8.
Nxe5 b5 9. cxb5 c5 10. Ndc6 Qd5 11. Nxg4 Nxc6 12. bxc6 Ne4 13. Bc4 Qf5 14. f3
Ng5 15. c7+ Ke7 16. Qc6 Rc8 17. Bxa6 Re8 18. c8=Q Rxc8 19. Bxc8 Qc2 20. Qd7#
1-0

[Event "Open Est 2013-2014"]
[Site "Salle Lakanal Aubagne"]
[Date "2013.11.30"]
[Round "3.16"]
[White "Rocchia, Alex"]
[Black "Benezra, Ruthy"]
[Result "0-1"]
[WhiteElo "1499"]
[BlackElo "1310"]
[PlyCount "36"]
[EventDate "2013.??.??"]

1. e4 c5 2. c4 Nc6 3. Nc3 g6 4. g3 Bg7 5. Nge2 Nf6 6. Bg2 d6 7. O-O Be6 8. d3
Qd7 9. Nf4 Nd4 10. h3 O-O 11. g4 h6 12. Be3 g5 13. Nfe2 Nh7 14. Nf4 gxf4 15.
Bxf4 Qc7 16. Qd2 h5 17. gxh5 Bxh3 18. Bxh3 Nf3+ 0-1

[Event "Open Est 2013-2014"]
[Site "Salle Lakanal Aubagne"]
[Date "2013.11.30"]
[Round "3.17"]
[White "Yahia Amar, Clement"]
[Black "Yahia-Amar, Hocine"]
[Result "1-0"]
[WhiteElo "1280"]
[BlackElo "1499"]
[PlyCount "51"]
[EventDate "2013.??.??"]

1. e4 e5 2. Nf3 Nc6 3. Bc4 Qf6 4. Nc3 d6 5. h3 Be6 6. d3 O-O-O 7. Bg5 Qg6 8.
Qd2 Nd4 9. Nxd4 exd4 10. Bxe6+ fxe6 11. Na4 Nf6 12. O-O-O d5 13. Bxf6 gxf6 14.
Kb1 dxe4 15. Rde1 f5 16. dxe4 fxe4 17. Nc3 d3 18. Ka1 Bc5 19. cxd3 Rxd3 20. Qf4
Qf5 21. Qxe4 Rd1+ 22. Rxd1 Qxf2 23. Qe5 Rd8 24. Qxe6+ Rd7 25. Qxd7+ Kb8 26.
Qd8# 1-0

[Event "Open Est 2013-2014"]
[Site "Salle Lakanal Aubagne"]
[Date "2013.11.30"]
[Round "3.18"]
[White "Mineo, Francois"]
[Black "Kallenberg, Hardi"]
[Result "1-0"]
[WhiteElo "1270"]
[BlackElo "1470"]
[PlyCount "59"]
[EventDate "2013.??.??"]

1. e4 Nf6 2. Nc3 Nc6 3. d4 e5 4. d5 Ne7 5. Nf3 Ng6 6. Be3 Bb4 7. Qd3 d6 8. Qb5+
Bd7 9. Qxb4 Ng4 10. Nd1 h5 11. h3 Nh6 12. Bb5 c6 13. dxc6 bxc6 14. Bc4 Nf4 15.
Bxf4 exf4 16. Qxd6 Qa5+ 17. Nc3 g5 18. Qf6 Rh7 19. Nxg5 Qb4 20. Nxh7 Qxc4 21.
Qh8+ Ke7 22. Qxa8 Qb4 23. O-O-O Qa5 24. Rxd7+ Kxd7 25. Qb7+ Ke6 26. Ng5+ Kf6
27. Qxc6+ Kxg5 28. h4+ Kg4 29. Qxh6 f5 30. Qg5# 1-0

[Event "Open Est 2013-2014"]
[Site "Salle Lakanal Aubagne"]
[Date "2013.11.30"]
[Round "3.20"]
[White "Reynaud, Jacques"]
[Black "Masson, Wally"]
[Result "1-0"]
[WhiteElo "1440"]
[BlackElo "1280"]
[PlyCount "82"]
[EventDate "2013.??.??"]

1. Nf3 f5 2. d3 Nf6 3. c4 e6 4. Nc3 Bb4 5. Qb3 c5 6. a3 Bxc3+ 7. Qxc3 O-O 8. g3
Nc6 9. Bg2 d5 10. cxd5 exd5 11. Qxc5 Be6 12. O-O Na5 13. Qc2 Rc8 14. Qa4 b6 15.
Ng5 Bd7 16. Qh4 Bb5 17. Ne6 Qd6 18. Nxf8 Rxf8 19. Bd2 Nb3 20. Bb4 Qe5 21. Ra2
Re8 22. Re1 Nd4 23. b3 Ne6 24. Rc1 g5 25. Qh3 h5 26. Bf1 d4 27. Qg2 Kh7 28.
Rac2 Kh6 29. Rc8 Rxc8 30. Rxc8 Ng4 31. Qb7 f4 32. Bd6 Qf6 33. Qe4 Nd8 34. Rc7
Nf7 35. Bf8+ Qg7 36. Bxg7+ Kxg7 37. gxf4 Nf6 38. Qe7 Bd7 39. fxg5 Nd5 40. Qxd7
Nxc7 41. Qxc7 Kg6 1-0

[Event "Open Est 2013-2014"]
[Site "Salle Lakanal Aubagne"]
[Date "2013.11.30"]
[Round "3.21"]
[White "Brongers, Claudine"]
[Black "Roche, Alain"]
[Result "0-1"]
[WhiteElo "1260"]
[BlackElo "1437"]
[PlyCount "103"]
[EventDate "2013.??.??"]

1. e4 e6 2. d4 d5 3. Nd2 Nf6 4. e5 Nfd7 5. Ngf3 c5 6. c3 Be7 7. Be2 Nc6 8. O-O
b6 9. Bb5 Bb7 10. Re1 h6 11. b3 Na5 12. Ba3 a6 13. Be2 O-O 14. b4 Nc6 15. Nb3
c4 16. Nc1 f6 17. Nh4 b5 18. Bh5 fxe5 19. Ng6 Bh4 20. Nxf8 Qxf8 21. g3 Be7 22.
Bg4 Qf6 23. Kg2 e4 24. Bb2 Rf8 25. Rf1 Bc8 26. f3 e3 27. Qe2 Nb6 28. Qxe3 Na4
29. Bxe6+ Bxe6 30. Rb1 Bf5 31. Ra1 Nxb2 32. a3 Nd3 33. Na2 Bg6 34. f4 Be4+ 35.
Qxe4 dxe4 36. Kg1 h5 37. h4 Qg6 38. Kh2 e3 39. Nc1 Qe4 40. Ne2 Nf2 41. Rg1 Qc2
42. Rae1 g5 43. Rg2 Qf5 44. Ng1 Ng4+ 45. Kh1 gxf4 46. Rf1 Re8 47. Ne2 f3 48.
Rgg1 Nf2+ 49. Rxf2 exf2 50. g4 hxg4 51. Ng3 Qh7 52. h5 0-1

[Event "Open Est 2013-2014"]
[Site "Salle Lakanal Aubagne"]
[Date "2013.11.30"]
[Round "3.22"]
[White "Benvenuto, Richard"]
[Black "Ghazarian, David"]
[Result "1-0"]
[WhiteElo "1420"]
[BlackElo "1270"]
[PlyCount "50"]
[EventDate "2013.??.??"]

1. d4 d5 2. Nf3 Bf5 3. e3 Nc6 4. Bd3 Bxd3 5. Qxd3 e6 6. O-O Nf6 7. Nbd2 Qd6 8.
c4 O-O-O 9. c5 Nb4 10. Qa3 Nc2 11. Qxa7 Nxa1 12. cxd6 Bxd6 13. Ng5 Rhf8 14.
Ndf3 Nc2 15. Ne5 Bxe5 16. dxe5 Nd7 17. b3 Nb4 18. Ba3 Nc6 19. Qa8+ Ncb8 20.
Bxf8 Nxf8 21. Nxf7 Re8 22. Rc1 Nfd7 23. Nd6+ Kd8 24. Qxb7 cxd6 25. Rc8+ Ke7 1-0

[Event "Open Est 2013-2014"]
[Site "Salle Lakanal Aubagne"]
[Date "2013.11.30"]
[Round "3.23"]
[White "Gamblin, Antoine"]
[Black "Frontera, Pierre"]
[Result "1-0"]
[WhiteElo "1257"]
[BlackElo "1410"]
[PlyCount "101"]
[EventDate "2013.??.??"]

1. e4 e5 2. Nf3 Nc6 3. Bc4 h6 4. O-O Nf6 5. Nc3 d6 6. h3 a6 7. a3 b5 8. Ba2 Bb7
9. Re1 Be7 10. d4 O-O 11. b4 Rc8 12. Bb2 Qe8 13. Nd5 Bd8 14. c4 Nd7 15. Qd3 Na7
16. dxe5 dxe5 17. Rad1 c6 18. Ne3 Rc7 19. Nf5 Nc8 20. c5 Kh7 21. Nd6 Nxd6 22.
Qxd6 f6 23. Rd2 Qe7 24. Red1 Bc8 25. Be6 Qxd6 26. Rxd6 Be7 27. Rxd7 Bxd7 28.
Rxd7 Rxd7 29. Bxd7 Rb8 30. Bxc6 h5 31. Ne1 h4 32. Nc2 Bd8 33. Ne3 a5 34. Bc3 a4
35. Nf5 Bc7 36. Nd6 Bxd6 37. cxd6 Rb6 38. d7 Rxc6 39. d8=Q Rxc3 40. Qd7 Rxa3
41. Qxb5 Ra1+ 42. Kh2 a3 43. Qe2 Kh6 44. b5 g5 45. Qf3 a2 46. Qxf6+ Kh7 47.
Qe7+ Kg6 48. Qa3 Kh5 49. Qb2 Rb1 50. Qxa2 Rxb5 51. Qe2+ 1-0

[Event "Open Est 2013-2014"]
[Site "Salle Lakanal Aubagne"]
[Date "2013.11.30"]
[Round "3.24"]
[White "Moerenhout, Jean Claude"]
[Black "Catanese, Sauveur"]
[Result "1-0"]
[WhiteElo "1410"]
[BlackElo "1190"]
[PlyCount "77"]
[EventDate "2013.??.??"]

1. d4 d5 2. Nf3 e6 3. e3 Nf6 4. Bd3 g6 5. Nbd2 Bg7 6. c3 O-O 7. O-O Re8 8. Re1
Nc6 9. e4 Rb8 10. e5 Nd7 11. Nf1 b5 12. a3 a6 13. Be3 h6 14. Qd2 Kh7 15. Ng3
Rh8 16. Nh5 Kg8 17. Nxg7 Kxg7 18. g3 Ne7 19. Nh4 Nf8 20. Nf3 c6 21. Ng5 hxg5
22. Bxg5 Rh7 23. Kg2 Qe8 24. h4 Rh8 25. Bf6+ Kg8 26. Bxh8 Kxh8 27. Qh6+ Nh7 28.
h5 Nf5 29. Qd2 gxh5 30. Rh1 f6 31. Rae1 Rb7 32. Qd1 Ng7 33. Bxh7 Kxh7 34. exf6
Nf5 35. Rxh5+ Kg6 36. Qg4+ Kxf6 37. Qg5+ Kf7 38. Rh7+ Ng7 39. Qxg7# 1-0

[Event "Open Est 2013-2014"]
[Site "Salle Lakanal Aubagne"]
[Date "2013.11.30"]
[Round "3.25"]
[White "Lognos, Lina"]
[Black "Cotton, Paul"]
[Result "1/2-1/2"]
[WhiteElo "1167"]
[BlackElo "1400"]
[PlyCount "107"]
[EventDate "2013.??.??"]

1. g3 Nf6 2. c4 c5 3. Bg2 g6 4. Nc3 Bg7 5. Nf3 d6 6. d3 O-O 7. O-O Nbd7 8. a3
a6 9. Rb1 Rb8 10. b4 cxb4 11. axb4 b5 12. Nd4 Qc7 13. Nc6 Rb6 14. Nxe7+ Kh8 15.
Ned5 Nxd5 16. Nxd5 Qa7 17. Nxb6 Qxb6 18. Be3 Qc7 19. cxb5 axb5 20. Rc1 Qb8 21.
Qb3 Bb7 22. Qc2 Bxg2 23. Kxg2 Re8 24. Qc7 Qa8+ 25. Qc6 Qd8 26. Qxd6 Be5 27. Qd5
Qe7 28. Rc6 Rb8 29. Rfc1 Kg7 30. Rc8 Nf6 31. Qd8 Qxd8 32. Rxd8 Rxd8 33. Rc5 Rh8
34. Rxe5 Ng4 35. Re4 Nf6 36. Bd4 Rd8 37. Bxf6+ Kxf6 38. Rf4+ Kg7 39. Rg4 Ra8
40. Rg5 Rb8 41. Re5 Rb6 42. h4 h5 43. f3 Kf6 44. Re4 Rd6 45. Rf4+ Ke6 46. g4
hxg4 47. fxg4 Ke7 48. h5 gxh5 49. gxh5 Rh6 50. Kf3 Rxh5 51. e4 Rh3+ 52. Ke2
Rh2+ 53. Rf2 Rh5 54. Rf5 1/2-1/2

[Event "Open Est 2013-2014"]
[Site "Salle Lakanal Aubagne"]
[Date "2013.11.30"]
[Round "3.26"]
[White "Evanno, Georges"]
[Black "Escaillon, Gilbert"]
[Result "0-1"]
[WhiteElo "1400"]
[BlackElo "1190"]
[PlyCount "76"]
[EventDate "2013.??.??"]

1. e4 e5 2. Bc4 Nf6 3. Nc3 Bc5 4. h3 O-O 5. Nf3 Nc6 6. d3 Na5 7. Nxe5 Bd4 8.
Bf4 d6 9. Nf3 Bxc3+ 10. bxc3 Nxc4 11. dxc4 Nxe4 12. O-O Nxc3 13. Qe1 Re8 14.
Qxc3 f6 15. Rad1 c5 16. Rxd6 Qc7 17. Re1 Qf7 18. Rd5 Be6 19. Rxc5 Rac8 20. Rxc8
Rxc8 21. Qd2 h6 22. c3 Bxc4 23. Nd4 Bxa2 24. Ne6 Bxe6 25. Qe3 Re8 26. Rd1 b6
27. Rc1 Bc4 28. Qg3 Kh7 29. Be3 a5 30. Bxb6 a4 31. Bc5 Re5 32. Bb4 Rg5 33. Qe3
Qg6 34. g3 Re5 35. Qf4 Re4 36. Qc7 Qf7 37. Qd7 Qxd7 38. Bc5 Qd2 0-1

[Event "Open Est 2013-2014"]
[Site "Salle Lakanal Aubagne"]
[Date "2013.11.30"]
[Round "3.27"]
[White "Rieu, Jean"]
[Black "Gauci Schacre, Jeremy"]
[Result "0-1"]
[WhiteElo "1390"]
[BlackElo "1140"]
[PlyCount "105"]
[EventDate "2013.??.??"]

1. Nf3 Nc6 2. e4 e5 3. d3 Nf6 4. Nc3 d6 5. Bg5 Be7 6. Be2 h6 7. Bxf6 Bxf6 8.
O-O Bg4 9. h3 Bh5 10. Nh2 Bxe2 11. Qxe2 Nd4 12. Qd1 c6 13. Ne2 Nxe2+ 14. Qxe2
Qb6 15. c3 O-O-O 16. Ng4 Rhg8 17. a4 h5 18. Ne3 g6 19. Nc4 Qc7 20. a5 d5 21.
Nd2 Bg5 22. Nb3 Qd6 23. a6 b6 24. Ra4 Qe6 25. Rb4 dxe4 26. Rxb6 exd3 27. Qe4
axb6 28. a7 Kb7 29. Qb4 Be7 30. Na5+ Kxa7 31. Nxc6+ Qxc6 32. Qxe7+ Rd7 33. Ra1+
Kb7 34. Qa3 d2 35. Qa7+ Kc8 36. Qa6+ Kd8 37. Rd1 Ke7 38. Qa3+ Qc5 39. b4 Qc4
40. b5+ Kf6 41. Qb2 Qf4 42. g3 Qc4 43. Rxd2 Rxd2 44. Qxd2 Qxb5 45. Qd6+ Kg7 46.
h4 Qc5 47. Qd2 Ra8 48. Kh2 Ra1 49. g4 Qc6 50. f3 Qxf3 51. Qg2 Qxg2+ 52. Kxg2
Ra4 53. g5 0-1

[Event "Open Est 2013-2014"]
[Site "Salle Lakanal Aubagne"]
[Date "2013.11.30"]
[Round "3.28"]
[White "Roux, Jean-Marie"]
[Black "Batalov, Azat"]
[Result "0-1"]
[WhiteElo "1334"]
[BlackElo "1370"]
[PlyCount "98"]
[EventDate "2013.??.??"]

1. e4 e5 2. Nf3 d6 3. Nc3 c5 4. Bc4 h6 5. d3 Nc6 6. Be3 g5 7. Qd2 Bg7 8. a3
Nge7 9. O-O O-O 10. Nxg5 hxg5 11. Bxg5 Kh7 12. Nd5 f6 13. Be3 Ng6 14. Qe2 Bh8
15. Nc3 Nf4 16. Bxf4 exf4 17. Nd5 Na5 18. Nxf4 Nxc4 19. Qh5+ Kg8 20. dxc4 Qe8
21. Qf3 Rf7 22. Rad1 Qe5 23. c3 Rg7 24. Rd5 Qe7 25. Rfd1 Bg4 26. Qe3 Bxd1 27.
Rxd1 Re8 28. f3 f5 29. Nd5 Qg5 30. Qe2 Rh7 31. Ne3 f4 32. Nf5 Be5 33. Nxd6 Rd8
34. Nxb7 Rxd1+ 35. Qxd1 Rxb7 36. Qd5+ Rf7 37. Qxc5 Rg7 38. Qf2 Bd6 39. b4 a5
40. c5 Bc7 41. Qc2 Rd7 42. h3 Qd8 43. Qb3+ Kg7 44. b5 Rd1+ 45. Kh2 Re1 46. Qe6
Qh4 47. Qd7+ Kf6 48. Qf5+ Ke7 49. Qg4 Qg3+ 0-1

[Event "Open Est 2013-2014"]
[Site "Salle Lakanal Aubagne"]
[Date "2013.11.30"]
[Round "3.30"]
[White "Besucco, Guy"]
[Black "Blanc, Maxime"]
[Result "0-1"]
[WhiteElo "1440"]
[BlackElo "1199"]
[PlyCount "92"]
[EventDate "2013.??.??"]

1. c4 c5 2. Nc3 Nc6 3. e4 d6 4. g3 g6 5. Bg2 Bg7 6. Nge2 e6 7. O-O Nge7 8. a3
O-O 9. d3 a6 10. f4 Nd4 11. Nxd4 Bxd4+ 12. Kh1 Bd7 13. Ne2 Bg7 14. h3 b5 15.
Rb1 bxc4 16. dxc4 Bc6 17. Be3 Rb8 18. Qd2 f5 19. e5 Bxg2+ 20. Kxg2 dxe5 21.
Qxd8 Rfxd8 22. Bxc5 Nc6 23. b4 exf4 24. Nxf4 e5 25. Ne6 Rd2+ 26. Rf2 Rxf2+ 27.
Kxf2 Rb7 28. Nxg7 Kxg7 29. Rd1 a5 30. b5 Nb8 31. Bd6 Kf6 32. Bxb8 Rxb8 33. Rd6+
Ke7 34. Ra6 Rc8 35. Rc6 Rxc6 36. bxc6 Kd6 37. c7 Kxc7 38. Ke3 Kc6 39. Kd3 Kc5
40. Kc3 e4 41. Kd2 Kxc4 42. Ke3 Kb3 43. g4 fxg4 44. hxg4 Kxa3 45. Kxe4 Kb3 46.
Kd3 a4 0-1

[Event "Open Est 2013-2014"]
[Site "Salle Lakanal Aubagne"]
[Date "2013.11.30"]
[Round "3.31"]
[White "Mallet, Philippe"]
[Black "Pietrac, Christian"]
[Result "1-0"]
[WhiteElo "1370"]
[BlackElo "1271"]
[PlyCount "73"]
[EventDate "2013.??.??"]

1. f4 e6 2. Nf3 f6 3. e3 Bd6 4. b3 b6 5. Bb2 Bb7 6. Be2 Nc6 7. O-O Qe7 8. d4
O-O-O 9. c3 Nh6 10. Bd3 f5 11. Qe2 Rdf8 12. b4 Nf7 13. a4 g5 14. Ba6 g4 15.
Bxb7+ Kxb7 16. b5 Na5 17. Ne5 Rfg8 18. Nc4 Nxc4 19. Qxc4 h5 20. a5 Rc8 21. axb6
cxb6 22. Qa4 Ra8 23. c4 Bc7 24. Ba3 d6 25. Rc1 Kb8 26. Nd2 Nd8 27. c5 Nb7 28.
cxb6 Bxb6 29. Nc4 Bc7 30. Bb2 Rc8 31. b6 a6 32. bxc7+ Qxc7 33. Nd2 Qb6 34.
Rxc8+ Kxc8 35. Qe8+ Nd8 36. Rc1+ Kb7 37. Qd7+ 1-0

[Event "Open Est 2013-2014"]
[Site "Salle Lakanal Aubagne"]
[Date "2013.11.30"]
[Round "3.32"]
[White "Gousseau, Michel"]
[Black "Benezra, Silke"]
[Result "0-1"]
[WhiteElo "1120"]
[BlackElo "1350"]
[PlyCount "78"]
[EventDate "2013.??.??"]

1. d4 Nf6 2. Nf3 d5 3. e3 e6 4. Nbd2 c5 5. b3 Nc6 6. a3 Be7 7. Bb2 b6 8. c4 O-O
9. Bd3 Bd7 10. O-O Qc7 11. e4 dxe4 12. Nxe4 cxd4 13. h3 e5 14. Re1 Nh5 15. Bc1
Rad8 16. Neg5 Nf6 17. g4 h6 18. Nh7 Nxh7 19. Bxh6 gxh6 20. Re4 Ng5 21. Qf1
Nxf3+ 22. Kh1 Nd2 23. Qe2 Nxe4 24. Qxe4 f5 25. Qg2 fxg4 26. hxg4 Bg5 27. Rf1
Rf4 28. f3 Rdf8 29. c5 Bxg4 30. Bc4+ Kg7 31. fxg4 Rxf1+ 32. Bxf1 bxc5 33. Kg1
Rf6 34. Bd3 Rf4 35. Kh2 Qd6 36. Kh3 Qf6 37. Bf5 Ne7 38. Kh2 Nxf5 39. Qb7+ Ne7
0-1

[Event "Open Est 2013-2014"]
[Site "Salle Lakanal Aubagne"]
[Date "2013.11.30"]
[Round "3.33"]
[White "Hunault, Francis"]
[Black "Chikha, Zakaria"]
[Result "1-0"]
[WhiteElo "1670"]
[BlackElo "1199"]
[PlyCount "49"]
[EventDate "2013.??.??"]

1. e4 e5 2. f4 Bd6 3. Nf3 exf4 4. Bc4 Nc6 5. d4 f6 6. O-O Qe7 7. Nc3 Bb4 8. Nd5
Qd6 9. c3 Ba5 10. Bxf4 Qf8 11. e5 d6 12. exf6 gxf6 13. Qe2+ Nge7 14. Rfe1 Rg8
15. Nh4 Bd7 16. Qh5+ Kd8 17. Nxf6 Qxf6 18. Bxg8 Be8 19. Qxh7 Bg6 20. Nxg6 Nxg6
21. Bd2 Qf1+ 22. Rxf1 Rc8 23. Qxg6 Kd7 24. Qe6+ Kd8 25. Rf8# 1-0

[Event "Open Est 2013-2014"]
[Site "Salle Lakanal Aubagne"]
[Date "2013.11.30"]
[Round "3.34"]
[White "Galeazzi, Tony"]
[Black "Renoulet, Francoise"]
[Result "1-0"]
[WhiteElo "1099"]
[BlackElo "1499"]
[PlyCount "53"]
[EventDate "2013.??.??"]

1. e4 e6 2. Nf3 b6 3. Bc4 c5 4. c3 Nc6 5. O-O g6 6. b3 Bg7 7. Re1 Nge7 8. d4
cxd4 9. cxd4 O-O 10. Bg5 f6 11. Bf4 Bb7 12. e5 f5 13. d5 exd5 14. Bxd5+ Nxd5
15. Qxd5+ Rf7 16. e6 dxe6 17. Qxe6 Kf8 18. Nc3 Bxc3 19. Rad1 Nd4 20. Bd6+ Re7
21. Bxe7+ Qxe7 22. Qxe7+ Kg8 23. Qxb7 Rd8 24. Re3 g5 25. Rxc3 Ne2+ 26. Kf1 Nxc3
27. Rxd8# 1-0

[Event "Open Est 2013-2014"]
[Site "Salle Lakanal Aubagne"]
[Date "2013.11.30"]
[Round "3.36"]
[White "Perez, Laurent"]
[Black "Timoner, Genevieve"]
[Result "1-0"]
[WhiteElo "1099"]
[BlackElo "1499"]
[PlyCount "59"]
[EventDate "2013.??.??"]

1. e4 c5 2. Nf3 Nc6 3. c3 d6 4. Bb5 Bd7 5. d4 cxd4 6. cxd4 Nf6 7. Nc3 g6 8. e5
Nh5 9. Bg5 h6 10. Bh4 Bg7 11. Nd5 Qa5+ 12. Nc3 O-O 13. O-O Qd8 14. Nd5 e6 15.
Bxd8 Rfxd8 16. Nc7 Rab8 17. exd6 a6 18. Ba4 Nf6 19. d5 Na5 20. dxe6 Bxe6 21.
Nxe6 fxe6 22. Re1 Kf7 23. b4 Nc4 24. Qc1 Nxd6 25. Qc7+ Nd7 26. Qxd6 b5 27.
Qxe6+ Kf8 28. Bb3 Ne5 29. Nxe5 Bxe5 30. Qf7# 1-0

[Event "Open Est 2013-2014"]
[Site "Salle Lakanal Aubagne"]
[Date "2013.11.30"]
[Round "3.37"]
[White "Autouard, Jean Luc"]
[Black "Turpin, Isabelle"]
[Result "1-0"]
[WhiteElo "1350"]
[BlackElo "1170"]
[PlyCount "77"]
[EventDate "2013.??.??"]

1. e4 b6 2. Nf3 Bb7 3. Nc3 e6 4. Bc4 Bb4 5. O-O Nf6 6. e5 Bxc3 7. dxc3 Ne4 8.
Bd3 O-O 9. Bxe4 Bxe4 10. Bg5 Qc8 11. Qd4 Bxc2 12. Rac1 Nc6 13. Qg4 Bf5 14. Qg3
h6 15. Bxh6 Bg6 16. Bg5 Qe8 17. h4 f6 18. exf6 gxf6 19. Bh6 Kh7 20. Bxf8 Qxf8
21. Qxc7 Qe7 22. Rcd1 Be8 23. Qh2 Qg7 24. g3 Ne5 25. Nxe5 fxe5 26. f4 Bh5 27.
Rd2 e4 28. Qf2 d5 29. f5 Qh6 30. f6 e3 31. Qe1 exd2 32. Qb1+ Bg6 33. Qd1 Bd3
34. Rf2 Qe3 35. Qxd2 Qxg3+ 36. Rg2 Qf3 37. Rg7+ Kh8 38. Qh6+ Bh7 39. Qxh7# 1-0

[Event "Open Est 2013-2014"]
[Site "Salle Lakanal Aubagne"]
[Date "2013.11.30"]
[Round "3.38"]
[White "Ralijaona, Gabriela"]
[Black "Monteil, Marie-Joseph"]
[Result "0-1"]
[WhiteElo "1070"]
[BlackElo "1260"]
[PlyCount "68"]
[EventDate "2013.??.??"]

1. e4 c5 2. Nf3 d6 3. Bb5+ Nc6 4. Nc3 g6 5. e5 d5 6. d3 a6 7. Bxc6+ bxc6 8. O-O
Bg7 9. Bg5 Qc7 10. Re1 e6 11. d4 cxd4 12. Qxd4 Rb8 13. Reb1 a5 14. Bf6 Bxf6 15.
exf6 Nh6 16. Qh4 Nf5 17. Qg4 Bd7 18. Qg5 Rb4 19. g4 Nd4 20. Nxd4 Rxd4 21. Qh6
Rxg4+ 22. Kf1 Qe5 23. Qg7 Rf8 24. Qxh7 Qxf6 25. Na4 Rh8 26. Qxh8+ Qxh8 27. f3
Rxa4 28. b3 Qh3+ 29. Ke1 Rf4 30. a3 Rxf3 31. Ke2 Qg2+ 32. Ke1 Qf2+ 33. Kd1 Qd4+
34. Kc1 Rf1# 0-1

[Event "Open Est 2013-2014"]
[Site "Salle Lakanal Aubagne"]
[Date "2013.11.30"]
[Round "3.39"]
[White "Morata, Serge"]
[Black "Periale, Francine"]
[Result "1-0"]
[WhiteElo "1260"]
[BlackElo "1060"]
[PlyCount "115"]
[EventDate "2013.??.??"]

1. d4 Nf6 2. c4 e6 3. Nc3 b6 4. Bg5 Bb7 5. e4 Be7 6. Bxf6 Bxf6 7. Nf3 d6 8. Be2
O-O 9. O-O Re8 10. Bd3 Nd7 11. Re1 a6 12. a4 c5 13. d5 e5 14. b3 Nf8 15. Ne2
Ng6 16. Rb1 Nf4 17. Qd2 Nxd3 18. Qxd3 Bc8 19. h3 Bd7 20. Nc3 Qc8 21. Nh2 g6 22.
Qf3 Qd8 23. Ng4 Kg7 24. Nxf6 Qxf6 25. Qxf6+ Kxf6 26. Re3 Ke7 27. Rf1 Rf8 28. f4
f6 29. fxe5 dxe5 30. d6+ Ke6 31. Nd5 Rac8 32. Nxb6 Rc6 33. a5 Rxd6 34. Nd5 f5
35. g3 Bc6 36. Nc7+ Kd7 37. Nxa6 Bb7 38. Nxc5+ Kc6 39. Nd3 Rd4 40. Nxe5+ Kd6
41. Nd3 Bxe4 42. c5+ Kd5 43. Nf4+ Kxc5 44. Ne6+ Kb4 45. Nxf8 h5 46. a6 Rd8 47.
Nxg6 Ra8 48. Ra1 Kc5 49. Nf4 Kd4 50. Kf2 Bc2 51. Nxh5 Be4 52. Ra3 Rc8 53. Re1
Rc2+ 54. Re2 Rxe2+ 55. Kxe2 Bd3+ 56. Kd2 Be4 57. a7 Bf3 58. a8=Q 1-0